000 00721nam a2200217Ii 4500
003 JO-AjNU
008 230605s9999||||xx |||||||||||||| ||und||
017 _a2003/2/301
040 _aJO-AjNU
_bara
_erda
_cJO-AjNU
041 _aara
050 1 4 _aLB28222.B2484 2003
100 3 _aالبدري، طارق عبد الحميد,
_eauthor
_935002
245 0 0 _aإدارة دور الحضانة ورياض الأطفال المبادئ والأسس
250 _aط1
264 3 1 _aعمان:دار الفكر،2003
300 _a180ص
336 _atext
_btxt
_2rdacontent
337 _aunmediated
_bn
_2rdamedia
338 _avolume
_bnc
_2rdacarrier
650 4 _aرياض الأطفال-تنظيم و إدارة
_935003
999 _aA14407
_c17975
_d17975